<?xml version="1.0" encoding="UTF-8"?><marc:collection xmlns:marc="http://www.loc.gov/MARC21/slim">
  <marc:record>
    <marc:leader>00000nam  2200000za 4500</marc:leader>
    <marc:controlfield tag="001">9.841950</marc:controlfield>
    <marc:controlfield tag="003">CaOODSP</marc:controlfield>
    <marc:controlfield tag="005">20221107152221</marc:controlfield>
    <marc:controlfield tag="007">cr |||||||||||</marc:controlfield>
    <marc:controlfield tag="008">170817s2017    qucab   o    f000 0 fre d</marc:controlfield>
    <marc:datafield tag="020" ind1=" " ind2=" ">
      <marc:subfield code="a">9780660093673</marc:subfield>
      <marc:subfield code="z">9780660093680</marc:subfield>
    </marc:datafield>
    <marc:datafield tag="040" ind1=" " ind2=" ">
      <marc:subfield code="a">CaOODSP</marc:subfield>
      <marc:subfield code="b">fre</marc:subfield>
    </marc:datafield>
    <marc:datafield tag="043" ind1=" " ind2=" ">
      <marc:subfield code="a">n-cn-qu</marc:subfield>
    </marc:datafield>
    <marc:datafield tag="086" ind1="1" ind2=" ">
      <marc:subfield code="a">R64-500/2017F-PDF</marc:subfield>
      <marc:subfield code="z">R64-500/2017F</marc:subfield>
    </marc:datafield>
    <marc:datafield tag="110" ind1="2" ind2=" ">
      <marc:subfield code="a">Parcs Canada.</marc:subfield>
    </marc:datafield>
    <marc:datafield tag="245" ind1="1" ind2="0">
      <marc:subfield code="a">Lieu historique national du Canada de la Grosse-Île-et-le-Mémorial-des-Irlandais </marc:subfield>
      <marc:subfield code="h">[ressource électronique] : </marc:subfield>
      <marc:subfield code="b">plan directeur.</marc:subfield>
    </marc:datafield>
    <marc:datafield tag="246" ind1="1" ind2="4">
      <marc:subfield code="a">Lieu historique national du Canada de la Grosse-Île-et-le-Mémorial-des-Irlandais : </marc:subfield>
      <marc:subfield code="b">plan directeur 2017</marc:subfield>
    </marc:datafield>
    <marc:datafield tag="260" ind1=" " ind2=" ">
      <marc:subfield code="a">[Gatineau, QC] : </marc:subfield>
      <marc:subfield code="b">Parcs Canada, </marc:subfield>
      <marc:subfield code="c">2017.</marc:subfield>
    </marc:datafield>
    <marc:datafield tag="300" ind1=" " ind2=" ">
      <marc:subfield code="a">x, 12 p. : </marc:subfield>
      <marc:subfield code="b">cartes en coul., ill. en coul.</marc:subfield>
    </marc:datafield>
    <marc:datafield tag="500" ind1=" " ind2=" ">
      <marc:subfield code="a">Publ. aussi en anglais sous le titre : Grosse Île and the Irish Memorial National Historic Site of Canada: management plan.</marc:subfield>
    </marc:datafield>
    <marc:datafield tag="500" ind1=" " ind2=" ">
      <marc:subfield code="a">« Décembre 2017. »</marc:subfield>
    </marc:datafield>
    <marc:datafield tag="520" ind1=" " ind2=" ">
      <marc:subfield code="a">« Située dans l’estuaire du fleuve Saint-Laurent, à 50 km de Québec (carte 1, p.2), la Grosse Île sert de station de quarantaine de 1832 à 1937. Il s'agit, à l'époque, de la principale porte d'entrée des immigrants au Canada. Le présent plan directeur orientera la gestion et le développement du lieu pour les dix prochaines années et s'appuiera sur les trois stratégies clés suivantes : un lieu historique authentique, évocateur, axé sur une gestion durable des opérations; une destination patrimoniale phare, source de fierté et d’attachement; un haut lieu du patrimoine toujours accessible, commémorant l’immigration » -- Résumé, p. vii.</marc:subfield>
    </marc:datafield>
    <marc:datafield tag="530" ind1=" " ind2=" ">
      <marc:subfield code="a">Également publ. en version imprimée.</marc:subfield>
    </marc:datafield>
    <marc:datafield tag="692" ind1="0" ind2="7">
      <marc:subfield code="2">gccst</marc:subfield>
      <marc:subfield code="a">Lieu historique</marc:subfield>
    </marc:datafield>
    <marc:datafield tag="692" ind1="0" ind2="7">
      <marc:subfield code="2">gccst</marc:subfield>
      <marc:subfield code="a">Gestion</marc:subfield>
    </marc:datafield>
    <marc:datafield tag="775" ind1="0" ind2="8">
      <marc:subfield code="t">Grosse Île and the Irish Memorial National Historic Site of Canada </marc:subfield>
      <marc:subfield code="w">(CaOODSP)9.841946</marc:subfield>
    </marc:datafield>
    <marc:datafield tag="776" ind1="0" ind2="#">
      <marc:subfield code="t">Lieu historique national du Canada de la Grosse-Île-et-le-Mémorial-des-Irlandais : </marc:subfield>
      <marc:subfield code="w">(CaOODSP)9.841956</marc:subfield>
    </marc:datafield>
    <marc:datafield tag="856" ind1="4" ind2="0">
      <marc:subfield code="q">PDF</marc:subfield>
      <marc:subfield code="s">858 Ko</marc:subfield>
      <marc:subfield code="u">https://publications.gc.ca/collections/collection_2018/pc/R64-500-2017-fra.pdf</marc:subfield>
    </marc:datafield>
  </marc:record>
</marc:collection>
